[Event "Stay Safe Play From Home 202"]
[Site "T#646585Emanuel Laske"]
[Date "2020.06.05"]
[Round "1"]
[White "XShot"]
[Black "SecantFX"]
[Result "1-0"]
[WhiteElo "2520"]
[BlackElo "1838"]
[Annotator "TA"]
[PlyCount "51"]
[EventDate "2020.06.05"]
[EventType "swiss (blitz)"]

{[%evp 9,50,57,72,64,46,34,37,27,31,19,83,60,131,115,135,116,173,182,184,117,133,100,208,208,264,274,447,491,813,848,841,839,829,818,1692,1686,1669,1639,2806,1626,29989,29990,29999]} 1. d4 b6 2. Nf3 Bb7 3. Nc3 g6 4. e4 Bg7 5. Bd3 e6 6. O-O {B00: Queen's Fianchetto Defence, Nimzowitsch Defence.} Ne7 {6...d6 is the hot move.} 7. e5 O-O 8. Be4 {[#] White is slightly better.} c6 $146 ({Predecessor:} 8... Nbc6 9. Bg5 f6 10. exf6 Bxf6 11. Bh6 Rf7 12. Ng5 Bxg5 13. Bxg5 {0-1 (13) Kurek,M-Malinowski,M Werynia 1997}) 9. Re1 Nf5 (9... d5 $11 {keeps the balance.} 10. exd6 Qxd6) 10. Bxf5 gxf5 ({Better is} 10... exf5 $14 11. Bg5 Qc8) 11. a4 $36 {[%mdl 2048] White is really pushing.} f6 12. Bf4 fxe5 (12... Rf7 $16) 13. Nxe5 $18 Na6 14. a5 (14. Re3 $18) 14... b5 $16 15. Nd3 Bxd4 {[#]} (15... b4 $16) 16. Ne5 $1 $18 Bxe5 17. Bxe5 {And now Re3 would win.} Qe7 $2 (17... d6 {was called for.}) 18. Re3 {Threatening mate with Rg3+.} Rf6 (18... h6 $142 19. Rg3+ Kh7 20. Rg7+ Qxg7 21. Bxg7 Kxg7 22. Qxd7+ Rf7 23. Qxe6 Rd8) 19. Bxf6 Qxf6 20. Qxd7 Nc5 21. Qd6 Qf8 22. Rg3+ Kf7 23. Qc7+ Kf6 24. Re1 Re8 25. Qxh7 {[%csl Gh7][%cal Rg3g6]} Re7 26. Qg6# {Accuracy: White = 77%, Black = 33%.} 1-0

[Event "Stay Safe Play From Home 202"]
[Site "T#646585Emanuel Laske"]
[Date "2020.06.05"]
[Round "1"]
[White "Mepe_Nika"]
[Black "Haris kollari 13"]
[Result "1-0"]
[WhiteElo "2326"]
[BlackElo "1622"]
[Annotator "NA RC"]
[PlyCount "49"]
[EventDate "2020.06.05"]
[EventType "swiss (blitz)"]

1. d4 {[%emt 0:00:01]} e6 {[%emt 0:00:01]} 2. Bf4 {[%emt 0:00:01]} d5 {[%emt 0:00:01]} 3. e3 {[%emt 0:00:00]} Bd7 {[%emt 0:00:01]} 4. Nf3 {[%emt 0:00:01]} c5 {[%emt 0:00:01]} 5. c3 {[%emt 0:00:01]} Nc6 {[%emt 0:00:01]} 6. Nbd2 {[%emt 0:00:00]} f5 {[%emt 0:00:01]} 7. Bd3 {[%emt 0:00:01]} Nf6 {[%emt 0:00:01]} 8. Ne5 {[%emt 0:00:01]} h6 {[%emt 0:00:02]} 9. O-O {[%emt 0:00:01]} g5 {[%emt 0:00:01]} 10. Bg3 {[%emt 0:00:02]} h5 {[%emt 0:00:03]} 11. Nxc6 {[%emt 0:00:01]} Bxc6 {[%emt 0:00:03]} 12. Be5 {[%emt 0:00:00]} Bg7 {[%emt 0:00:01]} 13. f3 {[%emt 0:00:01]} g4 {[%emt 0:00:02]} 14. e4 {[%emt 0:00:01]} dxe4 {[%emt 0:00:07]} 15. fxe4 {[%emt 0:00:00]} fxe4 {[%emt 0:00:06]} 16. Nxe4 {[%emt 0:00:02]} Nxe4 {[%emt 0:00:04]} 17. Bxg7 {[%emt 0:00:01]} Rg8 {[%emt 0:00:06]} 18. Be5 {[%emt 0:00:01]} cxd4 {[%emt 0:00:05]} 19. Bxd4 {[%emt 0:00:00]} Nd6 {[%emt 0:00:02]} 20. Qe2 {[%emt 0:00:01]} Qd7 {[%emt 0:00:02]} 21. Bf6 {[%emt 0:00:03]} Rf8 {[%emt 0:00:03]} 22. Rae1 {[%emt 0:00:01]} Qf7 {[%emt 0:00:03]} 23. Qxe6+ {[%emt 0:00:01]} Qxe6 {[%emt 0:00:01]} 24. Rxe6+ {[%emt 0:00:00]} Kd7 {[%emt 0:00:00]} 25. Re7+ {[%emt 0:00:00] Time (Lag: Av=0.58s, max=1.5s)} 1-0

[Event "Stay Safe Play From Home 202"]
[Site "T#646585Emanuel Laske"]
[Date "2020.06.05"]
[Round "1"]
[White "little champs"]
[Black "Cubail"]
[Result "1-0"]
[WhiteElo "2312"]
[BlackElo "1374"]
[Annotator "TA"]
[PlyCount "49"]
[EventDate "2020.06.05"]
[EventType "swiss (blitz)"]

{[%evp 9,49,29,68,64,77,58,57,50,104,101,85,33,21,0,12,0,51,38,69,-2,0,-4,28,23,191,187,200,183,140,0,0,-38,-27,-39,-37,-94,14,-208,235,-52,92,70]} 1. d4 f5 2. e3 Nf6 3. Nf3 e6 4. Be2 d5 5. O-O c5 6. c4 {[#] A80: Dutch Defence: Unusual White second moves.} Nc6 $146 ({Predecessor:} 6... Be7 7. dxc5 Bxc5 8. cxd5 exd5 9. b3 O-O 10. Bb2 Nc6 11. Nc3 Be6 12. Nd4 Nxd4 13. exd4 {0-1 (33) Charaus,F (2055)-Maierhofer,J (2087) Playchess.com INT 2020}) 7. dxc5 Bxc5 8. a3 {White is slightly better.} Bd7 (8... O-O $14) 9. b4 $16 Bd6 10. c5 ({Better is} 10. Bb2 $16) 10... Bc7 11. Bb2 O-O 12. Nc3 Ng4 (12... a6 $11) 13. h3 $36 {[%mdl 2048] White has good play.} Nge5 14. b5 (14. Nh2 $14) 14... Nxf3+ $11 15. Bxf3 Ne5 16. Be2 g5 $2 (16... Be8 $11) 17. f4 $18 gxf4 18. exf4 {And now Nxd5 would win.} Ng6 {[#]} 19. g3 (19. Nxd5 $1 $16 {[%mdl 512]} Bxb5 (19... exd5 20. Qxd5+) 20. Nxc7 (20. Bxb5 Qxd5 21. Qxd5 exd5 $16) 20... Bxe2 21. Qxe2 Qxc7 22. Qxe6+ Qf7 23. Qe3) 19... Qe7 $11 20. Bf3 {Hoping for Qd4.} Qxc5+ {[%mdl 64] Double Attack} 21. Kg2 Bxb5 22. Re1 (22. Nxb5 $15 Qxb5 23. Rb1) 22... Bc4 (22... Bb6 $17 {...Qf2+ is the strong threat.} 23. Nxb5 Qf2+ {[%mdl 64] Double Attack} 24. Kh1 Qxb2) 23. Rc1 $2 (23. Rxe6 $11 {and White is okay.} Bb6 24. Bxd5 Bxd5+ 25. Qxd5 Qf2+ 26. Kh1) 23... d4 $4 {[%mdl 8192]} (23... Bb6 $19 {Strongly threatening ...Qf2+.} 24. Qd2 Ba5) 24. Ne2 $2 (24. Na4 $18 Qb5 25. Qxd4) 24... b5 (24... d3 $15 {stays ahead.} 25. Qxd3 Bxd3 26. Rxc5 Bb6) 25. Nxd4 {Accuracy: White = 54%, Black = 37%.} ({Much worse is} 25. Bxa8 $6 Rxa8 26. Qxd4 Qc6+ 27. Kh2 e5 $11) 1-0

[Event "Stay Safe Play From Home 202"]
[Site "T#646585Emanuel Laske"]
[Date "2020.06.05"]
[Round "1"]
[White "Lucknow"]
[Black "Rogan"]
[Result "0-1"]
[WhiteElo "1875"]
[BlackElo "2177"]
[Annotator "TA"]
[PlyCount "48"]
[EventDate "2020.06.05"]
[EventType "swiss (blitz)"]

{[%evp 9,48,12,18,16,23,6,27,27,37,7,15,4,0,-17,-8,0,9,10,13,0,0,0,0,0,0,0,7,-57,-30,-60,-62,-118,-58,-418,-407,-427,-197,-1072,-861,-1055,-1030]} 1. d4 d5 2. c4 c6 3. e3 Nf6 4. Nf3 Bg4 5. Bd3 e6 6. O-O {D11: Slav Defence: 3 Nf3 sidelines and 3...Nf6 4 e3 Bg4.} Bd6 7. Nc3 Qc7 8. h3 {White has an edge.} Bh5 {[#]} 9. Qe2 $146 ({Predecessor:} 9. e4 dxe4 10. Nxe4 Nbd7 11. b3 Nxe4 12. Bxe4 Nf6 13. Bc2 O-O 14. Bb2 e5 15. dxe5 Bxf3 16. Qxf3 Bxe5 {½-½ (59) Pierantozzi,S (1814)-Leonardi,A (1816) Catania 2005}) 9... Nbd7 10. e4 dxe4 11. Nxe4 Nxe4 12. Bxe4 Nf6 13. Bc2 O-O 14. Be3 Rfe8 15. g4 Bg6 16. Bxg6 hxg6 17. Kg2 e5 18. Qd2 (18. dxe5 $11 Bxe5 19. Nxe5 Rxe5 20. Qf3) 18... exd4 19. Nxd4 Rad8 20. Qc2 (20. Rad1 $15) 20... Bc5 ({Better is} 20... Qc8 $17 {Strongly threatening ...Nxg4!} 21. Qe2 Be5) 21. Nf3 $2 {[%mdl 8192] [#] This move loses the game for White.} (21. Ne6 $1 $15 Rxe6 22. Bxc5) 21... Bxe3 $19 22. fxe3 Rxe3 (22... Ne4 $142 {Hoping for ...Rd2+!} 23. Rac1 Qg3+ 24. Kh1 Qxh3+ 25. Qh2 Ng3+ 26. Kg1 Qxg4) 23. Rf2 $2 (23. Rae1 Rdd3 24. Rxe3 Rxe3 25. Re1 Rxe1 26. Nxe1) 23... Rdd3 24. Raf1 Ne4 {Accuracy: White = 49%, Black = 80%.} 0-1

[Event "Stay Safe Play From Home 202"]
[Site "T#646585Emanuel Laske"]
[Date "2020.06.05"]
[Round "1"]
[White "Justwatch"]
[Black "Castlingarrocco"]
[Result "0-1"]
[WhiteElo "1756"]
[BlackElo "1998"]
[Annotator "TA"]
[PlyCount "74"]
[EventDate "2020.06.05"]
[EventType "swiss (blitz)"]

{[%evp 9,74,6,91,7,30,-5,4,-179,-18,-22,-18,-98,14,0,51,-187,23,-345,-87,-73,-62,-58,25,21,19,16,70,70,117,97,153,151,706,703,890,665,636,620,691,697,1040,-29,-46,-74,-71,-60,-56,-58,-62,-849,-785,-1542,-1560,-29980,-29981,-12841,1297,-12832,-1909,-12838,-2416,-1741,-1522,-950,-911,-29995,-29996]} 1. e4 e6 2. Nf3 d5 3. exd5 exd5 4. d4 c6 5. Be3 {[#]} f5 $146 (5... Nf6 $11 {remains equal.}) ({Predecessor:} 5... Bd6 6. Nc3 Nf6 7. h3 O-O 8. Qd3 Re8 9. O-O-O Qc7 10. g4 b5 11. Bg2 b4 12. Ne2 Ba6 13. Qd2 Ne4 14. Qe1 {½-½ (29) Evans,T (1757)-Frith,S (1620) London 2018}) 6. Nbd2 {C01: French: Exchange Variation.} (6. Bd3 $16) 6... Nf6 (6... Bd6 $5 {[%cal Rf5f4]} 7. Bg5 Ne7 $11) 7. c4 Bd6 8. cxd5 $2 (8. g3 $11 {and White stays safe.}) 8... cxd5 $2 (8... f4 $19 9. dxc6 Nxc6) 9. Bb5+ $11 Nc6 {Strongly threatening ...f4.} 10. O-O (10. Ne5 $11 {keeps the balance.}) 10... Bd7 (10... f4 $17 11. Bxc6+ bxc6 12. Bxf4 Bxf4 13. Re1+ Kf8) 11. Bxc6 bxc6 (11... Bxc6 $11 12. Ne5 O-O) 12. a3 $2 (12. Ne5 $14 {stays ahead.}) 12... O-O $2 ({Black should try} 12... f4 $19 13. Bxf4 Bxf4 14. Re1+ Kf8) 13. b4 $2 {[%mdl 8192]} (13. Ne5 $11 {and White is okay.}) 13... Ne4 $2 (13... f4 $19 {is more deadly.} 14. Bxf4 Bxf4) 14. Nb3 Qe7 15. Nc5 Rf6 (15... Be8 $15) 16. Bg5 Nxg5 17. Nxg5 h6 ({Black should play} 17... Rh6 $11 18. f4 Bxf4 {[%mdl 64] Remove Defender} 19. Rxf4 Qxg5) 18. Nf3 $1 $14 g5 19. Re1 $36 {[%mdl 2048] White is on the roll.} Qf7 ({Better is} 19... Qg7) 20. Ne5 $16 Qg7 $2 (20... Bxe5 $16 21. Rxe5 (21. dxe5 Rg6 $16) 21... f4) 21. Nexd7 $18 Bxc5 22. Nxc5 ({Not} 22. bxc5 Qxd7 23. Qe2 f4 $14) 22... f4 23. Qh5 Raf8 24. f3 Rf5 {[#]} 25. Re6 $2 (25. Ne6 $1 $18 Qf7 26. Qxh6) 25... Qxd4+ $11 {[%mdl 64] Double Attack} 26. Kf1 {Black must now prevent Rg6+.} Qxa1+ {[%mdl 64] Double Attack} 27. Re1 Qg7 $1 {Threatens to win with ...R8f7.} 28. Ne6 Qf7 $1 {[%cal Rf7h5]} 29. Qg4 $2 {[%mdl 8192]} (29. Qxh6 $15 Re8 30. Nd4 Rxe1+ 31. Kxe1) 29... Re8 $19 30. h4 Rxe6 31. Rxe6 Qxe6 32. hxg5 Rxg5 $4 {[%mdl 8192]} (32... hxg5 $19 33. g3 d4 34. gxf4 d3 35. Qg2 Qe3 36. Qf2 Qc1+ {[%mdl 64] Double Attack} 37. Kg2 d2 38. Qe3 d1=Q 39. Qe8+ {[#]} Kg7 $1 {[%mdl 512]} 40. Qe7+ Rf7 41. Qe5+ Kf8 $1 {[%mdl 512]} 42. Qb8+ Ke7 $1 {[%mdl 512]} 43. Qc7+ Ke6 $1 {[%mdl 512]} 44. Qc8+ Qd7 45. fxg5 Qxg5+ 46. Kf2 Qgd2+ 47. Kf1 Rxf3+ {[%mdl 64] Double Attack} 48. Kg1 Qf2+ 49. Kh1 Rh3#) 33. Qxf4 $4 {[%mdl 8192]} (33. Qxe6+ $18 Kg7 34. Qd7+ Kg8 35. Qxc6) 33... Qf5 34. Qb8+ Kg7 {( -> ...Qb1+)} 35. Qc7+ Qf7 36. Qxc6 d4 37. Qc3 dxc3 {Black used his chance. Accuracy: White = 37%, Black = 29%.} 0-1

[Event "Stay Safe Play From Home 202"]
[Site "T#646585Emanuel Laske"]
[Date "2020.06.05"]
[Round "1"]
[White "Trotsky"]
[Black "SoulofWolf"]
[Result "1-0"]
[WhiteElo "1573"]
[BlackElo "2171"]
[Annotator "TA"]
[PlyCount "59"]
[EventDate "2020.06.05"]
[EventType "swiss (blitz)"]

{[%evp 12,58,0,4,46,-27,-25,-68,-70,-185,-69,-484,-485,-473,-279,-563,-568,-738,-738,-820,-817,-903,-806,-1080,-1037,-1076,-1098,-1096,-1106,-1077,-1072,-1080,-1084,-1637,-1662,-1666,-1657,-1912,-1916,-29986,-29986,-29992,-29990,-29992,-29989,-29991,-29992,-29998,29999]} 1. d4 c6 2. e3 Nf6 3. c4 g6 4. Nc3 Bg7 5. Bd3 O-O 6. Qc2 d5 7. Nf3 Qc7 {D94: Grünfeld: 4 Nf3 Bg7 5 e3.} 8. c5 (8. b3 $14) 8... Nbd7 $11 {[#]} 9. Ng5 $146 ({Predecessor:} 9. Bd2 e5 10. Be2 exd4 11. exd4 Re8 12. O-O-O Ne4 13. Be3 Ndf6 14. h3 h5 15. Bd3 {1-0 (54) Elka,P-Johansen,A Tromsoe 2000}) 9... e5 {Black is slightly better.} 10. h4 (10. Be2 $1 $15) 10... e4 (10... Ng4 $19 11. Be2 Ndf6) 11. h5 $2 {[%mdl 8192] [#]} ({Better is} 11. Be2 $15) 11... exd3 $19 12. Qxd3 Ne4 (12... h6 $142 13. Nf3 Nxh5) 13. hxg6 $2 (13. Ncxe4 dxe4 14. Nxe4) 13... Nxg5 14. e4 Nxe4 15. Nxe4 dxe4 16. Qxe4 Nf6 17. Qd3 Re8+ 18. Be3 fxg6 19. O-O-O Bf5 20. Qc4+ Be6 21. Qd3 Qa5 22. Rxh7 Kxh7 23. Rh1+ Kg8 24. Qxg6 Bf7 25. Qg3 Qxa2 26. Kc2 Qa4+ 27. Kb1 Qc4 28. Bh6 Nh5 29. Rxh5 Qc3 $4 {[%mdl 8192] [#]} (29... Re1+ {avoids the disaster.} 30. Bc1 Rxc1#) 30. Qxg7# {Accuracy: White =  0%, Black = 41%.} 1-0

[Event "Stay Safe Play From Home 202"]
[Site "T#646585Emanuel Laske"]
[Date "2020.06.05"]
[Round "2"]
[White "XShot"]
[Black "little champs"]
[Result "0-1"]
[WhiteElo "2521"]
[BlackElo "2313"]
[Annotator "TA"]
[PlyCount "78"]
[EventDate "2020.06.05"]
[EventType "swiss (blitz)"]

{[%evp 13,77,0,0,0,5,-38,-33,-39,-11,-31,31,-87,-81,-96,32,48,28,-27,-33,-47,-46,-133,-127,-530,-540,-1069,-1110,-2803,-2165,-12819,-6100,-12808,-1664,-1429,-1429,-1354,-1354,-2141,-2050,-12807,-1199,-29994,-29991,-29991,-29992,-29992,-29993,-29993,-29994,-29994,-29993,-29994,-29995,-29995,-29996,-29997,-29993,-29993,-29992,-29996,-29994,-29995,-29991,-29998,-29994,-29999]} 1. d4 c6 2. Nf3 d5 3. c3 Nf6 4. g3 g6 5. Bg2 Bg7 6. O-O O-O 7. Bf4 Nbd7 8. a4 {[#] D02: 1 d4 d5 2 Nf3 sidelines, including 2...Nf6 3 g3 and 2...Nf6 3 Bf4.} Nh5 $146 ({Predecessor:} 8... a5 9. Na3 Ne4 10. Nd2 f5 11. f3 Nxd2 12. Qxd2 e5 13. dxe5 Nxe5 14. Kh1 Re8 15. Rad1 Be6 {0-1 (57) Jayaweera,S (1745)-San Diego,M (2116) Tarvisio 2017}) 9. Nbd2 Nxf4 10. gxf4 {Black is slightly better.} f6 11. Re1 e5 (11... a5 $15) 12. fxe5 (12. e4 $1 $14 {stays ahead.}) 12... fxe5 $17 {Threatens to win with ...e4.} 13. e4 dxe4 (13... exd4 $17 14. Nxd4 Nf6) 14. Nxe4 $14 exd4 15. Nxd4 (15. Qb3+ $142 Kh8 16. Nd6) 15... Ne5 $11 {[%cal Bd7e5,Be5g4,Bg4f2][%mdl 32]} 16. Qb3+ Kh8 17. Rad1 ({Better is} 17. Ne6 $15 Bxe6 18. Qxe6) 17... Qh4 $17 18. Ng3 $2 {[%mdl 8192] [#] Now White is beyond hope.} (18. Re3 $17 {is a better chance.}) 18... Ng4 $1 $19 {[%csl LRf2,LRh2][%mdl 512]} 19. h3 Nxf2 {[%mdl 64] Double Attack} 20. Nh1 Nxh3+ 21. Bxh3 Bxh3 22. Qc2 Qg4+ (22... Bxd4+ $142 23. cxd4 Rf4) 23. Kh2 Rae8 24. Rxe8 Rxe8 25. Rg1 Be5+ 26. Ng3 Qh4 (26... Qh5 $142 27. Rc1 Bg4+ 28. Kg1 Bxg3) 27. Rg2 Bf5+ {Black mates.} 28. Kg1 Bxc2 29. Nf1 Bxd4+ 30. cxd4 Qxd4+ 31. Kh2 Be4 32. Ng3 Bxg2 33. Kxg2 Re3 34. Kh3 {[#]} Rxg3+ $1 35. Kxg3 Qxb2 36. Kg4 Qb3 37. a5 Qa4+ 38. Kg5 Qxa5+ 39. Kh6 Qh5# {Accuracy: White = 17%, Black = 59%.} 0-1

[Event "Stay Safe Play From Home 202"]
[Site "T#646585Emanuel Laske"]
[Date "2020.06.05"]
[Round "2"]
[White "Mepe_Nika"]
[Black "Trotsky"]
[Result "1-0"]
[WhiteElo "2327"]
[BlackElo "1606"]
[Annotator "TA"]
[PlyCount "73"]
[EventDate "2020.06.05"]
[EventType "swiss (blitz)"]

{[%evp 9,73,0,77,33,77,12,59,27,79,79,81,55,97,71,144,133,144,58,54,46,186,0,14,33,32,-54,-36,-56,-25,-410,-387,-919,-902,-882,-875,-1612,-930,-869,-173,-1711,-1629,-1406,-743,-1084,-792,-816,-794,-814,-788,-5590,-1686,-29980,-29981,-6314,-1963,-1945,-1769,-1287,-1062,-29988,-29989,-29983,-6604,-6170,-6170,-29997]} 1. d4 d5 2. Bf4 e6 3. e3 c5 4. Nf3 Nc6 5. c3 c4 (5... Nf6 $11) 6. Nbd2 {D02: 1 d4 d5 2 Nf3 sidelines, including 2...Nf6 3 g3 and 2...Nf6 3 Bf4.} Bd6 7. Bg3 {[#]} (7. b3 $16) 7... Qc7 $146 ({Predecessor:} 7... Nf6 8. Qc2 b6 9. e4 Bb7 10. e5 Ne4 11. exd6 Nxg3 12. hxg3 Qxd6 13. Rxh7 Qf8 14. Rxh8 Qxh8 {1-0 (31) Farias,V (1676)-Lanznaster,J Florianopolis 2018}) 8. e4 {White is slightly better.} h5 (8... b5 $11) 9. Bxd6 $16 Qxd6 10. e5 Qc7 11. b3 Bd7 (11... b5 $142) 12. bxc4 O-O-O 13. c5 (13. Nb3 $16) 13... f6 {[%cal Rf6e5]} 14. exf6 Nxf6 (14... gxf6 $14 15. Be2 e5) 15. Qa4 $2 (15. Bb5 $1 $18) 15... Kb8 16. Bb5 e5 17. O-O ({White should play} 17. Bxc6 $14 Bxc6 18. Qb4) 17... e4 $15 18. Ng5 Ng4 {[%csl Gg4][%cal Rc7h2]} 19. g3 $2 {[%mdl 8192] [#] White is on the road to losing.} (19. f4 $1 $11 {and White has nothing to worry.}) 19... h4 $1 $19 20. f4 $2 (20. Bxc6 hxg3 21. Bxd7 gxf2+ 22. Rxf2 Nxf2 23. Nf1 Rxd7 24. Qc2) 20... hxg3 21. hxg3 Rh5 22. Bxc6 Bxc6 23. Qd1 {[#]} Rdh8 $2 $40 {[%mdl 128] Black is out for blood.} (23... Rxg5 $1 {[%mdl 512]} 24. Re1 (24. fxg5 Qxg3+) 24... Rh8) 24. Ndf3 $2 (24. Qxg4 Qa5 25. Ndf3 Qxc3 26. Nh4) 24... Ne3 25. Qe2 exf3 26. Nxf3 Ng4 27. Nh4 g5 {Strongly threatening ...Bd7.} 28. Qxg4 gxh4 29. Rae1 hxg3 30. Kg2 Rh2+ 31. Kf3 g2 (31... Qh7 $142 32. f5 Rg8) 32. Rg1 R2h3+ 33. Kf2 R3h4 34. Rxg2 Rxg4 35. Rxg4 Rh2+ (35... Qh7 $142 36. Rg3 Qc2+ {[%mdl 64] Double Attack} 37. Kf3 Qd3+ 38. Re3 Qd1+ 39. Kf2 Rh2+ 40. Rg2 Qd2+ 41. Re2 Rxg2+ {[%mdl 64] Overworked Piece} 42. Kxg2 Qxe2+ 43. Kg3 Qe3+ {[%mdl 64] Double Attack} 44. Kg4 Bd7+ 45. f5 Qe4+ 46. Kg3 Bxf5 47. Kf2 Bg4 48. Kg1 Qe3+ 49. Kg2 Bh3+ 50. Kh2 Qf3 51. Kg1 Qg2#) 36. Kg3 Qh7 {[%csl Gh2][%cal Rh7h3]} 37. Kf3 {[%mdl 32768] Accuracy: White = 26%, Black = 55%. . Sensor Board Error (Ke4/e5)?} 1-0

[Event "Stay Safe Play From Home 202"]
[Site "T#646585Emanuel Laske"]
[Date "2020.06.05"]
[Round "2"]
[White "Castlingarrocco"]
[Black "Rogan"]
[Result "0-1"]
[WhiteElo "2004"]
[BlackElo "2182"]
[Annotator "TA"]
[PlyCount "116"]
[EventDate "2020.06.05"]
[EventType "swiss (blitz)"]

{[%evp 9,115,2,45,50,39,10,24,-2,25,0,18,12,10,-88,-90,-93,-93,-97,-64,-87,-86,-104,-102,-98,-104,-107,-108,-102,-109,-110,-100,-119,-61,-131,-123,-123,-120,-217,-215,-239,-240,-237,-232,-450,-224,-350,-279,-279,-266,-264,-261,-270,-223,-277,-239,-236,-255,-381,-258,-641,-634,-756,-753,-747,-748,-745,-745,-730,-726,-1591,-1379,-29988,-29988,-29993,-29992,-29994,-29991,-29991,-29992,-29992,-29992,-29992,-29993,-29993,-29994,-29994,-29995,-29996,-29997,-29997,-29997,-29998,-29996,-29996,-29996,-29997,-29998,-29998,-29997,-29998,-29997,-29998,-29997,-29998,-29998,-29998,-29999,-29999]} 1. d4 d5 2. e3 c6 3. f4 Nf6 4. Nf3 Bg4 5. Be2 Bxf3 6. Bxf3 {D00: 1 d4 d5: Unusual lines.} Nbd7 {[#]} 7. Qe2 $146 ({Predecessor:} 7. Nd2 e6 8. O-O Bd6 9. c4 h5 10. c5 Bc7 11. Qe1 Qe7 12. b4 O-O-O 13. a4 {0-1 (37) Garcia Vidal,E (1475)-Rius Selva,J (1838) Barcelona 2017}) 7... e6 8. c3 {White has an edge.} c5 9. Nd2 cxd4 10. exd4 Bd6 11. O-O (11. Nf1 $11) 11... Bxf4 $17 12. g3 Bd6 13. Bg2 Qc7 14. Nf3 O-O 15. Re1 a6 16. Ne5 Nxe5 {[%mdl 64] [#] Overworked Piece} 17. dxe5 Bc5+ 18. Kh1 Nd7 19. Bf4 b5 20. Qg4 g6 ({Black should try} 20... Rfc8 $17 21. h4 Bf8) 21. Bh6 (21. Re2 $15) 21... Rfe8 22. Qf4 Bf8 23. Bg5 (23. Bxf8 $17 Rxf8 24. a3) 23... Bg7 $19 24. Rf1 Nxe5 25. Rae1 Rf8 26. Re3 $2 (26. Bf6 Bxf6 27. Qxf6) 26... Ra7 (26... f6 $142 27. Ree1 fxg5 28. Qxg5 Rxf1+ 29. Rxf1 Re8) 27. Rfe1 (27. Qh4 {might work better.}) 27... Nc4 28. Qxc7 Rxc7 29. R3e2 a5 {[%cal Ba6a5,Ba5b4,Bb4b3][%mdl 32]} 30. Bf4 Rb7 31. Bf1 b4 32. cxb4 axb4 ({Don't take} 32... Bxb2 33. Rc2) (32... Rxb4 33. b3 $17) 33. Rf2 (33. Rc2 {was necessary.}) 33... b3 34. a3 $2 (34. Bxc4 dxc4 35. axb3) 34... Nxb2 35. Ba6 Rb6 36. Bf1 Nc4 37. Bc1 b2 38. Bxb2 Rxb2 39. Kg1 Bd4 {[%mdl 64] [#] Pin} 40. Bxc4 dxc4 {Black mates.} 41. Kf1 Rxf2+ 42. Kg1 Re2+ 43. Kf1 Rxe1+ 44. Kxe1 c3 45. Kd1 Rb8 46. Kc2 Rb2+ 47. Kd3 c2 48. Kxd4 c1=Q {[%mdl 4096] Endgame} 49. Ke5 Re2+ {[%mdl 64] Discovered Attack} 50. Kf6 Qf1+ 51. Ke7 Qf5 52. a4 Rd2 53. a5 Rc2 54. Kd7 Qg5 55. Kd6 Rc3 56. a6 Qd5+ 57. Ke7 Rc7+ 58. Kf6 Qf5# {Accuracy: White = 46%, Black = 65%.} 0-1